00550nam a2200181Ia 4500008004100000020001800041040001900059041001200078082002500090245009800115260002600213300002300239504001800262650001800280651001400298700003800312850001800350140110s9999 xx 000 0 und d a9780385531801 aLoreto College aEnglish a920/KOLbLCBED/14950 aMother Teresab Where there is love, there is god cCompiled and edited by Brian Kolodiejchuk aNew YorkbImagec2010 axiv, 364p. c20cm. aIncluds index aMother Teresa aBiography aKolodiejchuk, Brian Comp. and ed. aLCBED/920/KOL